000
00264nam a2200121Ia 4500
008
190216s9999||||xx |||||||||||||| ||und||
100
_a
Prabhakarn
245
0
_a
Planning And Growth
260
_b
Sahidhi Book
300
_a
218p
650
_a
Economics
942
_c
BK
999
_c
9511
_d
9511